Online Catalogue and eLibrary

Gender and Health Policy and Practice (Record no. 4529)

MARC details
000 -LEADER
fixed length control field 00558nam a2200205Ia 4500
005 - DATE AND TIME OF LATEST TRANSACTION
control field 20241219011502.0
008 - FIXED-LENGTH DATA ELEMENTS--GENERAL INFORMATION
fixed length control field 240331s9999 xx 000 0 und d
020 ## - INTERNATIONAL STANDARD BOOK NUMBER
ISBN 9068327348
020 ## - INTERNATIONAL STANDARD BOOK NUMBER
ISBN 0855985712
082 ## - DDC Classification
Item Number - Author Mark ANK
DDC Edition Number 5744
Class No. 305
245 #0 - TITLE STATEMENT
Title Gender and Health Policy and Practice
Remainder of title A Global Sourcebook
260 ## - PUBLICATION, DISTRIBUTION, ETC.
Place of publication, distribution, etc. Amsterdam
Name of publisher, distributor, etc. KIT Publishers
Date of publication, distribution, etc. 2006
260 ## - PUBLICATION, DISTRIBUTION, ETC.
Place of publication, distribution, etc. Oxford
Name of publisher, distributor, etc. Oxfam Publishing
Date of publication, distribution, etc. 2006
300 ## - PHYSICAL DESCRIPTION
Extent (e.g. Volumes, Pages etc.) 184 p.,
650 ## - SUBJECT ADDED ENTRY--TOPICAL TERM
Topical term or geographic name entry element Gender
650 ## - SUBJECT ADDED ENTRY--TOPICAL TERM
Topical term or geographic name entry element Health
700 ## - ADDED ENTRY--PERSONAL NAME
Personal name Van der Kwaak, A
Relator term (Role) Editor
700 ## - ADDED ENTRY--PERSONAL NAME
Personal name Wegelin-Schuringa, M
Relator term (Role) Editor
942 ## - Koha item type (Biblio)
Koha item type Books in Stacks (Lending)
Holdings
Lost status Damaged status Collection code Home library Current library Shelving location Date acquired Full call number Accession Number Item type
    Lending WERC Library WERC Library Social Science Cupboard 03/31/2024 305 KWA 5744 Books in Stacks (Lending)

© WERC Library